000 00534nam a2200229Ia 4500
003 OSt
005 20220918194940.0
006 a|||||r|||| 00| 0
007 ta
008 220917b |||||||| |||| 00| 0 eng d
024 _a82,603
037 _cTextual
040 _aARTS
_cARTS
_beng
041 _2eng
_aeng
082 _aS:74, G4
100 _aHadfield
_988108
245 0 _aPsychology of morals
260 _c1930
650 _aPSYCHOLOGY
942 _hS:74, G4
_cTEXL
_2CC
999 _c206321
_d206321